| Tag |
First Indicator |
Second Indicator |
Subfields |
| LEADER |
00000cam a2200000 i 4500 |
| 001 |
in00000463595 |
| 005 |
20151012163636.0 |
| 008 |
760617c19641936nyu 00011 eng d |
| 020 |
|
|
|a 0671802887 :
|c $1.50
|
| 035 |
|
|
|a (OCoLC)02232464
|
| 035 |
|
|
|9 ABZ6693AM
|
| 040 |
|
|
|a SLC
|c SLC
|d TXA
|d UtOrBLW
|
| 049 |
|
|
|a TXAS
|c [1096337]
|
| 090 |
|
|
|a PZ3.G87
|b Los8
|
| 100 |
1 |
|
|a Grey, Zane,
|d 1872-1939.
|
| 245 |
1 |
4 |
|a The lost wagon train /
|c Zane Grey.
|
| 264 |
|
1 |
|a New York :
|b Pocket Books,
|c 1964
|
| 264 |
|
4 |
|c ©1936
|
| 300 |
|
|
|a 294 pages ;
|c 18 cm.
|
| 336 |
|
|
|a text
|b txt
|2 rdacontent
|
| 337 |
|
|
|a unmediated
|b n
|2 rdamedia
|
| 338 |
|
|
|a volume
|b nc
|2 rdacarrier
|
| 999 |
|
|
|a MARS
|
| 999 |
f |
f |
|s 7c2028be-a277-3b49-9d1d-af80f0a3f9fd
|i b3b2086f-fa59-3777-9d4b-a5006327c542
|t 0
|
| 952 |
f |
f |
|p noncirc
|a Texas A&M University
|b College Station
|c Cushing Memorial Library & Archives
|d Cushing: Dykes (Does not check out)
|t 0
|e PZ3.G87 Los8
|h Library of Congress classification
|i unmediated -- volume
|m A14851899170
|
| 998 |
f |
f |
|a PZ3.G87 Los8
|t 0
|l Cushing: Dykes (Does not check out)
|